[Event "Madurai Athens of the East op-C U1700"]
[Site "Madurai"]
[Date "2023.12.24"]
[Round "1"]
[White "Vedhik, Viswanath"]
[Black "Rao, Mitta"]
[Result "0-1"]
[WhiteElo "1169"]
[BlackElo "1637"]
[PlyCount "100"]
[EventDate "2023.12.24"]
[EventType "swiss"]
[EventRounds "9"]
[EventCountry "IND"]
[SourceTitle "CB06_2024"]
[SourceDate "2024.02.07"]
[SourceVersion "1"]
[SourceVersionDate "2024.02.07"]
[SourceQuality "1"]

1. e4 c5 2. Nf3 g6 3. d4 cxd4 4. Nxd4 Nc6 5. Nxc6 bxc6 6. Bf4 Bg7 7. Nc3 Nf6 8. Bd3 0-0 9. 0-0 d5 10. exd5 Nxd5 11. Nxd5 cxd5 12. c3 e5 13. Be3 Qc7 14. Qd2 Rd8 15. Bh6 Bh8 16. Rad1 Be6 17. f4 Qb6+ 18. Kh1 e4 19. Be2 f5 20. b3 Rac8 21. Qe1 Bxc3 22. Qh4 Bf7 23. g4 Qe3 24. Rf2 Bd4 25. Rg2 Rd6 26. gxf5 Rc2 27. Qe7 Bg7 28. Qxd6 Bxh6 29. Qd8+ Bf8 30. fxg6 hxg6 31. Bf1 Rxg2 32. Bxg2 Kg7 33. Rf1 Bc5 34. Qg5 Bd4 35. Qg3 Qxg3 36. hxg3 Bb6 37. Rd1 Kf6 38. g4 g5 39. f5 Ke5 40. Kh2 d4 41. Kg3 d3 42. Re1 e3 43. Bf3 Kd4 44. Rc1 e2 45. Bxe2 dxe2 46. Re1 Ke3 47. b4 Bc7+ 48. Kg2 Bd5+ 49. Kg1 Kd2 50. Kf2 Bb6+ 0-1